000 00621nam a2200217Ia 4500
003 GCL
008 140319s9999 xx 000 0 ara d
040 _aGCL /
_cGCL
082 0 4 _a401
_bب ا
100 1 _aاحمد مختار عمر
245 1 0 _aاسس علم اللغة /
_cاحمد مختار عمر
700 1 _aياى، ماريو
260 _aالقاهرة :
_bعالم الكتب الحديث ،
_c1983
300 _a291 ص ؛
_c24 سم
490 _a
650 0 4 _aالعلم
650 0 4 _aاللغات
650 0 4 _aعلم اللغة المقارن
650 0 4 _aالاصوات
942 _2ddc
_cBK
999 _c33038
_d33038